| 000 | 00552cam a2200133 4500500 | ||
|---|---|---|---|
| 005 | 20260111091207.0 | ||
| 041 | _afre | ||
| 042 | _adc | ||
| 245 | 0 | 0 | _aReckinger Fr., Alle, alle in den Himmel ? Die sperrige Wahrheit im Evangelium, Altenberge, Oros, 2002, 21x15, 228 p., 16 €. ISBN 3-89375-204-8 |
| 260 | _c2005. | ||
| 500 | _a16 | ||
| 786 | 0 | _nNouvelle revue théologique | 127 | 1 | 2005-01-03 | p. 156w-169w | 0029-4845 | |
| 856 | 4 | 1 | _uhttps://shs.cairn.info/revue-nouvelle-revue-theologique-2005-1-page-156w?lang=fr&redirect-ssocas=7080 |
| 999 |
_c1620539 _d1620539 |
||